La gestión del presupuesto público colombiano / (Registro nro. 30866)

Detalles MARC
000 -LEADER
fixed length control field 00651nam a22002057a 4500
003 - CONTROL NUMBER IDENTIFIER
control field OSt
005 - DATE AND TIME OF LATEST TRANSACTION
control field 20241028093143.0
008 - FIXED-LENGTH DATA ELEMENTS--GENERAL INFORMATION
fixed length control field 241022b |||d|||| |||| 00| 0 eng d
020 ## - INTERNATIONAL STANDARD BOOK NUMBER
International Standard Book Number 9789588344348
037 ## - SOURCE OF ACQUISITION
Source of stock number/acquisition Donación
040 ## - CATALOGING SOURCE
Original cataloging agency CO-JMCR
Language of cataloging spa
Transcribing agency CO-JMCR
Modifying agency CO-JMCR
Description conventions rda
041 0# - LANGUAGE CODE
Language code of text/sound track or separate title spa
082 04 - DEWEY DECIMAL CLASSIFICATION NUMBER
Classification number 336.861
Item number M82g
Edition number 23
100 1# - MAIN ENTRY--PERSONAL NAME
Personal name Morales Domínguez, David Fernando,
9 (RLIN) 275
245 13 - TITLE STATEMENT
Title La gestión del presupuesto público colombiano /
Statement of responsibility, etc. David Fernando Morales Domínguez.
260 ## - PUBLICATION, DISTRIBUTION, ETC.
Name of publisher, distributor, etc. ALVI impresores LTDA,
Date of publication, distribution, etc. 2012.
300 ## - PHYSICAL DESCRIPTION
Extent 388 páginas :
Other physical details gráficos ;
Dimensions 23 cm.
500 ## - GENERAL NOTE
General note Incluye bibliografía (página 377)
942 ## - ADDED ENTRY ELEMENTS (KOHA)
Source of classification or shelving scheme Dewey Decimal Classification
Koha item type Books
Existencias
Withdrawn status Lost status Source of classification or shelving scheme Damaged status Not for loan Collection code Home library Current library Shelving location Date acquired Source of acquisition Total Checkouts Full call number Barcode Date last seen Copy number Price effective from Koha item type
    Dewey Decimal Classification     Non-fiction Biblioteca Pública José María del Castillo y Rada Biblioteca Pública José María del Castillo y Rada Book Cart 07/19/2023 Donación   336.861 M82g 201812444 10/22/2024 Ej.1 10/22/2024 Books